000 00709cam a22002531 4500
001 pa 61000025
003 DLC
005 20260227111855.0
008 741021s1961 dcua b 000 0 eng c
010 _apa 61000025
035 _a(OCoLC)1048549
040 _aPan American Union. Library
_cOT
_dOCoLC
_dDLC
041 1 _aeng
_hund
042 _apremarc
050 0 0 _aN6715
_b.A63
100 1 _aAcha V, Juan W.
245 1 0 _aPeru.
_cEnglish translation by William McLeod Rivera.
260 _aWashington,
_bPan American Union,
_c1961.
300 _a19 p.
_billus.
_c19 cm.
440 0 _aArt in Latin America today
504 _aBibliography: p. [23]-[24]
650 0 _aArt, Peruvian.
651 0 _aPeru.
999 _c51460
_d51460